K nedožitým 75. narodeninám akademika Dionýza Ilkoviča

Bibliographic Details
Main Author: Janík, Jozef (Author)
Format: Article
Language:Slovak
Subjects:

MARC

LEADER 00000nab a2200000 a 4500
001 vtls000104260
003 SK-MaSNL
005 20260305014422.0
008 160215c1982 xo 0 slo
015 |a SNBRB19rr/mm-uuuuu 
035 |a CL0114363 
040 |a SNKBUCL  |b slo  |c SNKBUCL  |e AACR2 
041 0 |a slo 
044 |a xo  |c SK 
080 |a 53  |2 1981 
080 |a 929 Ilkovič, Dionýz  |2 1981 
100 1 |a Janík, Jozef  |4 aut  |9 278818 
245 1 0 |a K nedožitým 75. narodeninám akademika Dionýza Ilkoviča  |c Jozef Janík 
600 1 7 |a Ilkovič, Dionýz,  |d 1907-1980  |2 snkbucl  |9 37294 
655 7 |a články z novín a časopisov  |2 snkbucl  |9 267496 
773 0 |t Technické noviny  |g Roč. 30, č. 2 (1982), s. 2 
850 |a Slovenská národná knižnica v Martine  |a MTA001 
852 |a SNK  |b KIS3GCP 
958 |a BX 
958 |a RK 
992 |a RBX 
999 |c 3269513  |d 3271443